[Event "NOR-ch Elite 2019"]
[Site "Larvik"]
[Date "2019.07.07"]
[Round "3.13"]
[White "Altarbosh, Ward"]
[Black "Vitenberg, Noam Aviv"]
[Result "1-0"]
[WhiteElo "2202"]
[BlackElo "2300"]
[Annotator "NA"]
[PlyCount "145"]
[EventDate "2019.07.05"]
[EventType "swiss"]
[EventCountry "NOR"]
[SourceTitle "playchess.com"]
[Source "ChessBase"]
[SourceQuality "1"]
[TimeControl "40/5400+30:1800+30"]

1. e4 {[%emt 0:00:00]} c6 {[%emt 0:00:00]} 2. Nf3 {[%emt 0:00:00]} d5 {[%emt 0:00:00]} 3. Nc3 {[%emt 0:00:00]} Nf6 {[%emt 0:00:08]} 4. e5 {[%emt 0:00:00]} Ne4 {[%emt 0:00:11]} 5. Ne2 {[%emt 0:00:00]} Qb6 {[%emt 0:00:09]} 6. d4 {[%emt 0:00:02]} e6 {[%emt 0:00:08]} 7. Ng3 {[%emt 0:00:12]} c5 {[%emt 0:00:07]} 8. c3 {[%emt 0:00:11]} Nc6 {[%emt 0:00:08]} 9. Bd3 {[%emt 0:00:14]} cxd4 {[%emt 0:00:08]} 10. Nxe4 {[%emt 0:09:20]} dxe4 {[%emt 0:00:20]} 11. Bxe4 {[%emt 0:00:06]} dxc3 {[%emt 0:02:21]} 12. bxc3 {[%emt 0:00:33]} Bc5 {[%emt 0:03:22]} 13. O-O {[%emt 0:00:15]} Qc7 {[%emt 0:02:34]} 14. Qe2 {[%emt 0:07:34]} Bd7 {[%emt 0:01:46]} 15. Rb1 {[%emt 0:00:07]} Rb8 {[%emt 0:00:47]} 16. Rd1 {[%emt 0:16:41]} Ne7 {[%emt 0:06:16]} 17. Bg5 {[%emt 0:03:10]} Bc6 {[%emt 0:13:58]} 18. Nd4 {[%emt 0:06:35]} Bxe4 {[%emt 0:09:57]} 19. Qxe4 {[%emt 0:00:22]} a6 {[%emt 0:02:06]} 20. Nb3 {[%emt 0:08:18]} Nd5 {[%emt 0:12:29]} 21. Rd3 {[%emt 0:09:48]} h6 {[%emt 0:14:27]} 22. Bd2 {[%emt 0:02:12]} O-O {[%emt 0:08:24]} 23. c4 {[%emt 0:15:48]} Ne7 {[%emt 0:05:18]} 24. Qg4 {[%emt 0:01:01]} f5 {[%emt 0:03:30]} 25. Qh5 {[%emt 0:01:45]} f4 {[%emt 0:03:30]} 26. Qg4 {[%emt 0:05:50]} Rf5 {[%emt 0:02:33]} 27. Nxc5 {[%emt 0:01:48]} Qxc5 {[%emt 0:00:18]} 28. Rd7 {[%emt 0:00:05]} h5 {[%emt 0:01:29]} 29. Qd1 {[%emt 0:02:09]} Nc6 {[%emt 0:03:16]} 30. Bc3 {[%emt 0:01:53]} Qxc4 {[%emt 0:00:40]} 31. Qd6 {[%emt 0:01:11]} Rg5 {[%emt 0:01:14]} 32. h4 {[%emt 0:00:14]} Rg6 {[%emt 0:02:32]} 33. Qd3 {[%emt 0:04:29]} Qxd3 {[%emt 0:01:14]} 34. Rxd3 {[%emt 0:00:06]} b5 {[%emt 0:00:50]} 35. f3 {[%emt 0:00:22]} b4 {[%emt 0:00:26]} 36. Bb2 {[%emt 0:00:37]} Rb5 {[%emt 0:00:08]} 37. Re1 {[%emt 0:01:42]} Ra5 {[%emt 0:00:55]} 38. a3 {[%emt 0:02:00]} bxa3 {[%emt 0:00:47]} 39. Rxa3 {[%emt 0:00:35]} Rd5 {[%emt 0:00:33]} 40. Re2 {[%emt 0:00:44]} a5 {[%emt 0:00:22]} 41. Ra4 {[%emt 0:31:50]} Rd1+ {[%emt 0:15:22]} 42. Kh2 {[%emt 0:00:00]} Ne7 {[%emt 0:00:07]} 43. Bc3 {[%emt 0:00:00]} Nf5 {[%emt 0:01:24]} 44. Rxf4 {[%emt 0:00:00]} Rd5 {[%emt 0:05:07]} 45. Ra4 {[%emt 0:00:00]} Rc5 {[%emt 0:00:44]} 46. Be1 {[%emt 0:00:00]} Kf7 {[%emt 0:03:11]} 47. Rf4 {[%emt 0:00:00]} Ke8 {[%emt 0:01:19]} 48. g4 {[%emt 0:00:00]} hxg4 {[%emt 0:02:52]} 49. fxg4 {[%emt 0:00:00]} Ne7 {[%emt 0:01:03]} 50. g5 {[%emt 0:00:00]} Nc6 {[%emt 0:00:26]} 51. Rfe4 {[%emt 0:00:00]} a4 {[%emt 0:01:04]} 52. Bg3 {[%emt 0:00:00]} a3 {[%emt 0:01:05]} 53. Ra4 {[%emt 0:00:22]} Rc3 {[%emt 0:00:43]} 54. Bf4 {[%emt 0:00:43]} Rb3 {[%emt 0:01:27]} 55. h5 {[%emt 0:00:58]} Rb2 {[%emt 0:00:54]} 56. Rg2 {[%emt 0:00:59]} Rb4 {[%emt 0:01:04]} 57. Ra8+ {[%emt 0:00:40]} Kd7 {[%emt 0:00:30]} 58. Kg3 {[%emt 0:01:13]} Nd4 {[%emt 0:00:31]} 59. Rd2 {[%emt 0:00:47]} Kc6 {[%emt 0:00:44]} 60. hxg6 {[%emt 0:00:55]} Nf5+ {[%emt 0:00:18]} 61. Kg4 {[%emt 0:00:19]} Rb3 {[%emt 0:00:40]} 62. Ra2 {[%emt 0:00:28]} Kd5 {[%emt 0:00:26]} 63. R8xa3 {[%emt 0:00:09]} Rb1 {[%emt 0:00:07]} 64. Rd2+ {[%emt 0:00:11]} Kc4 {[%emt 0:00:32]} 65. Ra6 {[%emt 0:00:12]} Rg1+ {[%emt 0:00:38]} 66. Kh3 {[%emt 0:00:05]} Rf1 {[%emt 0:00:20]} 67. Bh2 {[%emt 0:00:36]} Rf3+ {[%emt 0:00:32]} 68. Kg4 {[%emt 0:00:09]} Rb3 {[%emt 0:00:14]} 69. Rxe6 {[%emt 0:00:30]} Ne3+ {[%emt 0:00:31]} 70. Kf4 {[%emt 0:00:06]} Nd5+ {[%emt 0:01:12]} 71. Rxd5 {[%emt 0:00:03]} Kxd5 {[%emt 0:00:12]} 72. Rd6+ {[%emt 0:00:03]} Kc5 {[%emt 0:00:06]} 73. Kf5 {[%emt 0:00:04] Kd5 Ke4+} 1-0

[Event "NOR-ch Elite 2019"]
[Site "Larvik"]
[Date "2019.07.08"]
[Round "4.1"]
[White "Tari, Aryan"]
[Black "Hammer, Jon Ludvig"]
[Result "1-0"]
[WhiteElo "2620"]
[BlackElo "2637"]
[Annotator "TA"]
[PlyCount "111"]
[EventDate "2019.07.05"]
[EventType "swiss"]
[EventCountry "NOR"]
[SourceTitle "playchess.com"]
[Source "ChessBase"]
[SourceQuality "1"]

{[%evp 10,117,30,41,38,11,12,12,12,7,7,0,0,0,6,0,7,0,0,0,0,0,0,0,0,0,45,45,62,42,55,41,40,10,7,0,16,11,21,0,0,0,21,6,64,64,64,54,67,77,75,61,79,81,137,135,138,124,130,92,92,91,154,154,154,135,157,157,199,193,151,125,196,207,229,224,209,141,154,141,118,111,104,105,95,95,106,102,95,95,708,676,1064,1043,1270,1158,1147,989,29975,29975,29976,29977,29976,29977,2617,3,29994,29995,29995,29996]} 1. e4 e5 2. Nf3 Nc6 3. Bc4 Nf6 4. d3 Be7 5. O-O d6 6. a4 Be6 {C55: Two Knights: 4 d3, 4 d4 exd4 5 e5 and Max Lange Attack} (6... O-O 7. Re1 Be6 8. Na3 Qd7 9. c3 Rae8 10. Bxe6 fxe6 11. Nc4 Kh8 12. h3 Bd8 13. Be3 a6 14. b4 Ne7 15. Rb1 b5 16. axb5 axb5 {1-0 (41) Jones,G (2682)-McShane,L (2664) London 2018}) 7. Re1 Bxc4 8. dxc4 a5 {The position is equal.} 9. Nc3 O-O 10. h3 Nd7 $146 ({Predecessor:} 10... h6 11. Be3 Nh7 12. Nd5 Bg5 13. Nxg5 hxg5 14. c3 {1-0 (54) Gorodetzky,D (2331)-Hadari,A (2033) Kiryat Ono 2016}) 11. Be3 Re8 12. Nd5 Nf8 13. Ra3 b6 14. h4 Ne6 15. Ng5 Bxg5 16. hxg5 Nb4 17. Qd2 Nxd5 18. cxd5 Nf8 19. Qe2 f6 20. Qh5 g6 21. Qh6 f5 $1 22. Bd2 Qd7 23. Rc3 Re7 24. Rc6 f4 25. Rc4 Qg4 26. f3 (26. b3 {looks sharper.} Rc8 27. Kh2 Ree8 28. Rc6 Nd7 29. f3) 26... Qh5 (26... Qd7 $11) 27. Qxh5 $14 gxh5 28. Kf2 $36 {[%mdl 2048] White is more active.} Kg7 29. Rh1 Kg6 30. g3 fxg3+ 31. Kxg3 Rf7 (31... Rc8 $142) 32. Be3 $16 Ra7 33. Rc3 Nd7 34. Rh3 Nc5 35. Ra3 $1 Ra8 (35... c6 $142) 36. Ra1 Raf8 37. Kg2 h4 38. b3 $1 (38. Rxh4 Rxf3 39. Rh6+ Kg7 $11) 38... h6 39. gxh6 (39. Rxh4 Rxf3 40. Rxh6+ Kg7 $11) 39... Kh7 40. Rg1 (40. Rxh4 $6 Rxf3 41. Re1 R3f6 $14) 40... Rg8+ (40... Rf6 $16 41. Kh2 (41. Rxh4 Rxf3 42. Re1 R8f7 $14) 41... R8f7 42. Rg7+ (42. Rxh4 Rxf3 43. Bg5 Rf2+ 44. Rg2 Na6 $14) 42... Rxg7 43. hxg7 Kxg7) 41. Kh2 $18 Rxg1 42. Kxg1 {[%mdl 4096] Endgame KRB-KRN} Na6 43. Kf1 (43. Rxh4 Rxf3 44. Bc1 Rg3+ 45. Kf1 Rf3+ 46. Ke1 Rg3 $11) 43... Nb4 44. c3 (44. Rxh4 $6 Rxf3+ 45. Ke2 Rg3 $14) 44... Nc2 45. Bc1 Na1 46. b4 Nb3 47. Be3 b5 48. bxa5 (48. Rxh4 bxa4 49. Rh2 Rxf3+ 50. Ke2 Rg3 $15) (48. axb5 a4 $15) 48... bxa4 {Threatens to win with ...a3.} 49. a6 {aiming for a7.} c5 $2 {[%mdl 8192]} (49... Rf8 $16) 50. dxc6 a3 51. Rh2 ({Don't blunder} 51. a7 $2 Rxa7 $3 {[%mdl 512]} 52. Kf2 (52. Bxa7 $2 a2 $19) 52... a2 $19) 51... Rxf3+ {[#]} 52. Kg1 $1 ({Worse is} 52. Ke2 a2 $11) 52... Rg3+ {[#]} 53. Kh1 $1 Rxe3 {KRN-KR} 54. a7 Re1+ 55. Kg2 Re2+ 56. Kg1 {Played: Kg2-h3} 1-0

[Event "NOR-ch Elite 2019"]
[Site "Larvik"]
[Date "2019.07.08"]
[Round "4.2"]
[White "Haldorsen, Benjamin"]
[Black "Urkedal, Frode Olav Olsen"]
[Result "0-1"]
[WhiteElo "2444"]
[BlackElo "2566"]
[Annotator "ChessBase"]
[PlyCount "114"]
[EventDate "2019.07.05"]
[EventType "swiss"]
[EventCountry "NOR"]
[SourceTitle "playchess.com"]
[Source "ChessBase"]
[SourceQuality "1"]
[TimeControl "40/5400+30:1800+30"]

1. e4 {[%emt 0:00:00]} e5 {[%emt 0:00:00]} 2. Nf3 {[%emt 0:00:28]} Nc6 {[%emt 0:00:00]} 3. Bc4 {[%emt 0:00:15]} Nf6 {[%emt 0:00:37]} 4. d3 {[%emt 0:00:29]} Bc5 {[%emt 0:00:14]} 5. O-O {[%emt 0:00:25]} d6 {[%emt 0:01:37]} 6. c3 {[%emt 0:00:58]} a5 {[%emt 0:02:03]} 7. Re1 {[%emt 0:01:27]} h6 {[%emt 0:01:02]} 8. Nbd2 {[%emt 0:00:17]} O-O {[%emt 0:00:22]} 9. Nf1 {[%emt 0:02:08]} Be6 {[%emt 0:01:22]} 10. Bb5 {[%emt 0:03:07]} Ne7 {[%emt 0:02:20]} 11. d4 {[%emt 0:06:57]} Bb6 {[%emt 0:00:23]} 12. dxe5 {[%emt 0:09:52]} dxe5 {[%emt 0:02:07]} 13. Qxd8 {[%emt 0:03:38]} Rfxd8 {[%emt 0:00:35]} 14. Nxe5 {[%emt 0:02:44]} a4 {[%emt 0:01:12]} 15. Nc4 {[%emt 0:12:10]} Bc5 {[%emt 0:11:55]} 16. Ncd2 {[%emt 0:07:23]} Ng4 {[%emt 0:04:43]} 17. Ne3 {[%emt 0:00:56]} Nxe3 {[%emt 0:09:08]} 18. fxe3 {[%emt 0:00:34]} Ra5 {[%emt 0:20:29]} 19. Bf1 {[%emt 0:01:24]} Ng6 {[%emt 0:04:48]} 20. Nf3 {[%emt 0:00:29]} Ba7 {[%emt 0:02:10]} 21. Nd4 {[%emt 0:03:19]} Ne5 {[%emt 0:05:10]} 22. Nxe6 {[%emt 0:01:05]} fxe6 {[%emt 0:00:06]} 23. Rb1 {[%emt 0:00:26]} Bb6 {[%emt 0:04:37]} 24. b4 {[%emt 0:02:05]} axb3 {[%emt 0:02:14]} 25. axb3 {[%emt 0:00:05]} Ra2 {[%emt 0:01:58]} 26. Rb2 {[%emt 0:07:39]} Rxb2 {[%emt 0:02:17]} 27. Bxb2 {[%emt 0:00:01]} Rd2 {[%emt 0:00:11]} 28. Re2 {[%emt 0:00:32]} Bxe3+ {[%emt 0:08:01]} 29. Rxe3 {[%emt 0:00:31]} Rxb2 {[%emt 0:00:07]} 30. b4 {[%emt 0:00:28]} Rc2 {[%emt 0:01:07]} 31. Be2 {[%emt 0:01:39]} Kf7 {[%emt 0:01:13]} 32. h3 {[%emt 0:01:44]} g5 {[%emt 0:01:36]} 33. Kf1 {[%emt 0:03:50]} Rc1+ {[%emt 0:00:38]} 34. Kf2 {[%emt 0:00:07]} Kg6 {[%emt 0:00:17]} 35. Kg3 {[%emt 0:05:50]} h5 {[%emt 0:02:33]} 36. Kf2 {[%emt 0:03:30]} h4 {[%emt 0:00:17]} 37. g3 {[%emt 0:00:54]} b6 {[%emt 0:02:31]} 38. Kg2 {[%emt 0:01:37]} Rc2 {[%emt 0:00:28]} 39. Kf1 {[%emt 0:01:00]} Rc1+ {[%emt 0:02:07]} 40. Kg2 {[%emt 0:00:35]} Kf6 {[%emt 0:00:05]} 41. gxh4 {[%emt 0:32:06]} gxh4 {[%emt 0:30:15]} 42. Kf2 {[%emt 0:00:04]} Kg5 {[%emt 0:00:14]} 43. c4 {[%emt 0:05:19]} Nxc4 {[%emt 0:01:20]} 44. Rd3 {[%emt 0:00:13]} Ne5 {[%emt 0:00:55]} 45. Rd8 {[%emt 0:02:35]} Rc3 {[%emt 0:00:12]} 46. Rg8+ {[%emt 0:01:40]} Kf4 {[%emt 0:00:50]} 47. Bg4 {[%emt 0:00:27]} Rg3 {[%emt 0:00:00]} 48. Rg7 {[%emt 0:00:00]} Nxg4+ {[%emt 0:00:00]} 49. hxg4 {[%emt 0:00:00]} Rc3 {[%emt 0:00:00]} 50. g5 {[%emt 0:00:00]} Rc2+ {[%emt 0:00:00]} 51. Ke1 {[%emt 0:00:00]} Kxe4 {[%emt 0:00:00]} 52. Rh7 {[%emt 0:00:00]} Kf5 {[%emt 0:00:00]} 53. Rxh4 {[%emt 0:00:00]} Kxg5 {[%emt 0:00:00]} 54. Rd4 {[%emt 0:00:00]} b5 {[%emt 0:00:00]} 55. Kd1 {[%emt 0:00:00]} Rc4 {[%emt 0:00:00]} 56. Rd7 {[%emt 0:00:00]} Kf5 {[%emt 0:00:00]} 57. Kd2 {[%emt 0:00:00]} Ke5 {[%emt 0:00:00]} 0-1

[Event "NOR-ch Elite 2019"]
[Site "Larvik"]
[Date "2019.07.08"]
[Round "4.3"]
[White "Elsness, Frode"]
[Black "Lie, Kjetil A."]
[Result "1/2-1/2"]
[WhiteElo "2436"]
[BlackElo "2538"]
[Annotator "RC"]
[PlyCount "47"]
[EventDate "2019.07.05"]
[EventType "swiss"]
[EventCountry "NOR"]
[SourceTitle "playchess.com"]
[Source "ChessBase"]
[SourceQuality "1"]
[TimeControl "40/5400+30:1800+30"]

1. c4 {[%emt 0:00:51]} d6 {[%emt 0:03:22]} 2. Nc3 {[%emt 0:00:00]} g6 {[%emt 0:02:14]} 3. Nf3 {[%emt 0:03:31]} Bg7 {[%emt 0:01:25]} 4. g3 {[%emt 0:00:12]} Nf6 {[%emt 0:03:01]} 5. Bg2 {[%emt 0:00:35]} O-O {[%emt 0:00:33]} 6. O-O {[%emt 0:01:34]} Nc6 {[%emt 0:01:55]} 7. d4 {[%emt 0:00:16]} a6 {[%emt 0:00:34]} 8. b3 {[%emt 0:01:17]} Rb8 {[%emt 0:00:32]} 9. d5 {[%emt 0:04:09]} Na5 {[%emt 0:01:17]} 10. Bg5 {[%emt 0:01:10]} c5 {[%emt 0:16:10]} 11. dxc6 {[%emt 0:00:11]} Nxc6 {[%emt 0:02:38]} 12. Rc1 {[%emt 0:01:48]} Bf5 {[%emt 0:04:54]} 13. Qd2 {[%emt 0:05:37]} Ne4 {[%emt 0:08:04]} 14. Nxe4 {[%emt 0:00:41]} Bxe4 {[%emt 0:00:25]} 15. Rfd1 {[%emt 0:05:00]} Qb6 {[%emt 0:03:39]} 16. Nh4 {[%emt 0:09:34]} Bxg2 {[%emt 0:00:41]} 17. Nxg2 {[%emt 0:00:12]} Rfe8 {[%emt 0:11:59]} 18. Ne3 {[%emt 0:05:59]} Qb4 {[%emt 0:07:44]} 19. Qxb4 {[%emt 0:11:01]} Nxb4 {[%emt 0:00:04]} 20. Nd5 {[%emt 0:00:21]} Nxd5 {[%emt 0:02:09]} 21. Rxd5 {[%emt 0:04:05]} b6 {[%emt 0:03:59]} 22. e4 {[%emt 0:04:52]} Kf8 {[%emt 0:00:47]} 23. a4 {[%emt 0:02:37]} Rec8 {[%emt 0:00:40]} 24. Bf4 {[%emt 0:11:33]} 1/2-1/2

[Event "NOR-ch Elite 2019"]
[Site "Larvik"]
[Date "2019.07.08"]
[Round "4.4"]
[White "Notkevich, Benjamin Arvola"]
[Black "Haug, Johannes"]
[Result "1-0"]
[WhiteElo "2497"]
[BlackElo "2431"]
[Annotator "ChessBase"]
[PlyCount "63"]
[EventDate "2019.07.05"]
[EventType "swiss"]
[EventCountry "NOR"]
[SourceTitle "playchess.com"]
[Source "ChessBase"]
[SourceQuality "1"]
[TimeControl "40/5400+30:1800+30"]

1. d4 {[%emt 0:00:00]} Nf6 {[%emt 0:02:14]} 2. g3 {[%emt 0:00:00]} e6 {[%emt 0:01:59]} 3. Bg2 {[%emt 0:00:00]} d5 {[%emt 0:00:08]} 4. Nf3 {[%emt 0:00:00]} b5 {[%emt 0:05:03]} 5. O-O {[%emt 0:00:32]} Nbd7 {[%emt 0:01:48]} 6. Bf4 {[%emt 0:11:29]} Bb7 {[%emt 0:08:15]} 7. Nbd2 {[%emt 0:14:38]} c5 {[%emt 0:07:53]} 8. c3 {[%emt 0:02:36]} Rc8 {[%emt 0:15:33]} 9. a4 {[%emt 0:07:35]} cxd4 {[%emt 0:07:05]} 10. cxd4 {[%emt 0:02:56]} b4 {[%emt 0:00:15]} 11. a5 {[%emt 0:12:59]} h6 {[%emt 0:11:00]} 12. Qa4 {[%emt 0:15:01]} Bc6 {[%emt 0:01:52]} 13. Qb3 {[%emt 0:01:33]} Nh5 {[%emt 0:00:59]} 14. Rfc1 {[%emt 0:03:57]} Nxf4 {[%emt 0:08:17]} 15. gxf4 {[%emt 0:00:03]} Be7 {[%emt 0:00:07]} 16. Qd3 {[%emt 0:07:21]} f5 {[%emt 0:04:14]} 17. Rc2 {[%emt 0:04:54]} Bb7 {[%emt 0:09:58]} 18. a6 {[%emt 0:00:06]} Rxc2 {[%emt 0:01:33]} 19. Qxc2 {[%emt 0:01:32]} Qc8 {[%emt 0:00:07]} 20. Qd3 {[%emt 0:00:59]} Bc6 {[%emt 0:03:52]} 21. Rc1 {[%emt 0:00:42]} O-O {[%emt 0:00:07]} 22. Nb3 {[%emt 0:07:19]} Qc7 {[%emt 0:00:40]} 23. Na5 {[%emt 0:04:11]} Qxa5 {[%emt 0:00:04]} 24. Rxc6 {[%emt 0:00:03]} Qa1+ {[%emt 0:02:14]} 25. Bf1 {[%emt 0:00:04]} Rf6 {[%emt 0:00:35]} 26. Rc8+ {[%emt 0:01:18]} Kf7 {[%emt 0:02:13]} 27. e3 {[%emt 0:00:53]} Rg6+ {[%emt 0:00:34]} 28. Kh1 {[%emt 0:00:02]} Qxb2 {[%emt 0:00:11]} 29. Rc2 {[%emt 0:00:13]} Qa3 {[%emt 0:05:06]} 30. Rc7 {[%emt 0:00:07]} Ke8 {[%emt 0:00:32]} 31. Qb5 {[%emt 0:01:31]} b3 {[%emt 0:00:28]} 32. Qxd7+ {[%emt 0:00:31]} 1-0

[Event "NOR-ch Elite 2019"]
[Site "Larvik"]
[Date "2019.07.08"]
[Round "4.5"]
[White "Stokke, Kjetil"]
[Black "Hauge, Lars Oskar"]
[Result "1-0"]
[WhiteElo "2336"]
[BlackElo "2476"]
[Annotator "ChessBase"]
[PlyCount "79"]
[EventDate "2019.07.05"]
[EventType "swiss"]
[EventCountry "NOR"]
[SourceTitle "playchess.com"]
[Source "ChessBase"]
[SourceQuality "1"]
[TimeControl "40/5400+30:1800+30"]

1. c4 {[%emt 0:02:44]} f5 {[%emt 0:03:05]} 2. Nc3 {[%emt 0:00:09]} Nf6 {[%emt 0:00:03]} 3. g3 {[%emt 0:00:13]} g6 {[%emt 0:00:05]} 4. Bg2 {[%emt 0:00:03]} Bg7 {[%emt 0:00:04]} 5. d3 {[%emt 0:00:09]} d6 {[%emt 0:00:08]} 6. e4 {[%emt 0:00:05]} Nc6 {[%emt 0:00:05]} 7. Nge2 {[%emt 0:00:07]} O-O {[%emt 0:00:11]} 8. O-O {[%emt 0:00:05]} e5 {[%emt 0:00:04]} 9. Nd5 {[%emt 0:00:04]} f4 {[%emt 0:04:09]} 10. gxf4 {[%emt 0:00:35]} Nh5 {[%emt 0:00:38]} 11. Kh1 {[%emt 0:00:08]} Nxf4 {[%emt 0:03:46]} 12. Ndxf4 {[%emt 0:04:50]} exf4 {[%emt 0:00:59]} 13. Bxf4 {[%emt 0:00:17]} Bxb2 {[%emt 0:02:17]} 14. Rb1 {[%emt 0:01:44]} Bg7 {[%emt 0:00:19]} 15. Be3 {[%emt 0:05:07]} Qh4 {[%emt 0:05:19]} 16. f3 {[%emt 0:04:19]} b6 {[%emt 0:03:46]} 17. Qd2 {[%emt 0:02:48]} Qe7 {[%emt 0:00:09]} 18. Bg5 {[%emt 0:04:14]} Qf7 {[%emt 0:01:33]} 19. f4 {[%emt 0:01:51]} Bg4 {[%emt 0:07:57]} 20. f5 {[%emt 0:10:40]} Bxe2 {[%emt 0:04:31]} 21. Qxe2 {[%emt 0:00:48]} Nd4 {[%emt 0:00:42]} 22. Qg4 {[%emt 0:01:40]} Be5 {[%emt 0:00:25]} 23. Bh6 {[%emt 0:06:01]} Rfe8 {[%emt 0:02:44]} 24. Rf2 {[%emt 0:03:25]} Kh8 {[%emt 0:02:58]} 25. f6 {[%emt 0:00:51]} Rab8 {[%emt 0:04:16]} 26. a4 {[%emt 0:01:41]} c6 {[%emt 0:10:05]} 27. h4 {[%emt 0:04:06]} a6 {[%emt 0:14:11]} 28. Bh3 {[%emt 0:00:49]} Rg8 {[%emt 0:01:37]} 29. Rbf1 {[%emt 0:07:07]} b5 {[%emt 0:01:15]} 30. axb5 {[%emt 0:01:01]} axb5 {[%emt 0:00:35]} 31. cxb5 {[%emt 0:02:15]} cxb5 {[%emt 0:00:05]} 32. Qd7 {[%emt 0:01:43]} Rgf8 {[%emt 0:03:39]} 33. Bxf8 {[%emt 0:13:17]} Rxf8 {[%emt 0:04:31]} 34. Qe7 {[%emt 0:00:18]} Kg8 {[%emt 0:01:26]} 35. Rc1 {[%emt 0:02:05]} b4 {[%emt 0:04:18]} 36. Rc4 {[%emt 0:03:39]} Bxf6 {[%emt 0:05:01]} 37. Qxf6 {[%emt 0:01:40]} Qxf6 {[%emt 0:00:18]} 38. Rxf6 {[%emt 0:00:07]} Rxf6 {[%emt 0:00:03]} 39. Rxd4 {[%emt 0:00:04]} Kg7 {[%emt 0:00:08]} 40. Kg2 {[%emt 0:00:27]} 1-0

[Event "NOR-ch Elite 2019"]
[Site "Larvik"]
[Date "2019.07.08"]
[Round "4.6"]
[White "Holm, Kristian Stuvik"]
[Black "Getz, Nicolai"]
[Result "1-0"]
[WhiteElo "2469"]
[BlackElo "2377"]
[Annotator "ChessBase"]
[PlyCount "125"]
[EventDate "2019.07.05"]
[EventType "swiss"]
[EventCountry "NOR"]
[SourceTitle "playchess.com"]
[Source "ChessBase"]
[SourceQuality "1"]
[TimeControl "40/5400+30:1800+30"]

1. d4 {[%emt 0:03:10]} d6 {[%emt 0:00:00]} 2. e4 {[%emt 0:00:07]} Nf6 {[%emt 0:00:00]} 3. Nc3 {[%emt 0:00:05]} g6 {[%emt 0:00:00]} 4. f4 {[%emt 0:00:05]} Bg7 {[%emt 0:00:10]} 5. Nf3 {[%emt 0:00:05]} c5 {[%emt 0:01:04]} 6. dxc5 {[%emt 0:00:09]} Qa5 {[%emt 0:00:07]} 7. Qd3 {[%emt 0:00:04]} Qxc5 {[%emt 0:02:59]} 8. Be3 {[%emt 0:00:24]} Qa5 {[%emt 0:00:05]} 9. Qb5+ {[%emt 0:00:05]} Qxb5 {[%emt 0:01:15]} 10. Bxb5+ {[%emt 0:00:12]} Nc6 {[%emt 0:00:22]} 11. O-O-O {[%emt 0:00:19]} Bg4 {[%emt 0:01:04]} 12. Rhf1 {[%emt 0:05:34]} O-O {[%emt 0:04:24]} 13. h3 {[%emt 0:00:44]} Bxf3 {[%emt 0:04:14]} 14. Rxf3 {[%emt 0:00:20]} Rfd8 {[%emt 0:17:29]} 15. g4 {[%emt 0:09:43]} a6 {[%emt 0:01:38]} 16. Be2 {[%emt 0:03:04]} Rac8 {[%emt 0:10:24]} 17. Bb6 {[%emt 0:06:43]} Re8 {[%emt 0:00:16]} 18. Bf2 {[%emt 0:07:34]} h6 {[%emt 0:04:47]} 19. Kb1 {[%emt 0:28:40]} b5 {[%emt 0:16:35]} 20. a3 {[%emt 0:03:10]} Na5 {[%emt 0:06:59]} 21. e5 {[%emt 0:11:37]} dxe5 {[%emt 0:00:19]} 22. fxe5 {[%emt 0:00:02]} Nh7 {[%emt 0:00:06]} 23. Re3 {[%emt 0:00:08]} Nf8 {[%emt 0:03:17]} 24. Bg3 {[%emt 0:02:24]} Nc4 {[%emt 0:00:23]} 25. Bxc4 {[%emt 0:00:47]} Rxc4 {[%emt 0:00:06]} 26. Re4 {[%emt 0:01:39]} Rc6 {[%emt 0:04:41]} 27. a4 {[%emt 0:00:56]} bxa4 {[%emt 0:00:33]} 28. Rxa4 {[%emt 0:00:06]} g5 {[%emt 0:06:07]} 29. Ne4 {[%emt 0:04:25]} Ne6 {[%emt 0:01:54]} 30. Rd5 {[%emt 0:02:50]} Rd8 {[%emt 0:01:58]} 31. Rxd8+ {[%emt 0:00:17]} Nxd8 {[%emt 0:00:01]} 32. Nf2 {[%emt 0:01:58]} Ne6 {[%emt 0:05:34]} 33. Nd3 {[%emt 0:00:13]} Nc7 {[%emt 0:00:17]} 34. c3 {[%emt 0:00:59]} Nd5 {[%emt 0:00:26]} 35. Rd4 {[%emt 0:02:57]} e6 {[%emt 0:00:49]} 36. c4 {[%emt 0:00:45]} Ne3 {[%emt 0:00:11]} 37. b3 {[%emt 0:00:35]} Bf8 {[%emt 0:05:33]} 38. Re4 {[%emt 0:01:32]} Ng2 {[%emt 0:00:53]} 39. Re2 {[%emt 0:02:43]} Nh4 {[%emt 0:00:04]} 40. Bxh4 {[%emt 0:00:03]} gxh4 {[%emt 0:00:05]} 41. Kc2 {[%emt 0:30:21]} Kg7 {[%emt 0:05:18]} 42. Kc3 {[%emt 0:00:00]} h5 {[%emt 0:05:11]} 43. gxh5 {[%emt 0:00:00]} Kh6 {[%emt 0:00:06]} 44. Rg2 {[%emt 0:00:00]} Kxh5 {[%emt 0:01:21]} 45. Rg8 {[%emt 0:00:00]} Rc8 {[%emt 0:02:45]} 46. Rg4 {[%emt 0:00:00]} Be7 {[%emt 0:01:28]} 47. Rg7 {[%emt 0:00:00]} Rc7 {[%emt 0:00:10]} 48. Rg8 {[%emt 0:00:00]} Kh6 {[%emt 0:00:50]} 49. Ra8 {[%emt 0:00:00]} Kg6 {[%emt 0:00:47]} 50. Rxa6 {[%emt 0:00:00]} Kf5 {[%emt 0:00:04]} 51. Ra1 {[%emt 0:00:00]} Ke4 {[%emt 0:00:48]} 52. b4 {[%emt 0:00:00]} Kf3 {[%emt 0:02:40]} 53. c5 {[%emt 0:00:00]} Kg3 {[%emt 0:00:39]} 54. Kc4 {[%emt 0:00:00]} Kxh3 {[%emt 0:03:14]} 55. b5 {[%emt 0:00:00]} Kg3 {[%emt 0:00:15]} 56. b6 {[%emt 0:00:00]} Rc8 {[%emt 0:00:03]} 57. b7 {[%emt 0:00:00]} Rb8 {[%emt 0:00:06]} 58. c6 {[%emt 0:00:00]} Bd8 {[%emt 0:00:03]} 59. Rg1+ {[%emt 0:00:00]} Kf3 {[%emt 0:01:47]} 60. Rf1+ {[%emt 0:00:00]} Kg3 {[%emt 0:00:14]} 61. Nc5 {[%emt 0:00:00]} h3 {[%emt 0:04:10]} 62. Na6 {[%emt 0:00:00]} Kg2 {[%emt 0:00:07]} 63. Rd1 {[%emt 0:00:00]} 1-0